[Event "15th LCC Super Rapid 2025"]
[Site "London ENG"]
[Date "2025.12.06"]
[Round "5.66"]
[White "Rubeck, Jonathan"]
[Black "Shafi, Declan"]
[Result "0-1"]
[WhiteElo "1921"]
[BlackElo "2162"]
[WhiteFideId "435678"]
[BlackFideId "2405156"]
[EventDate "2025.12.06"]

1. e4 c5 2. c3 d5 3. exd5 Qxd5 4. d4 e6 5. Nf3 Nf6 6. Be2 Nc6 7. Na3 a6 8. Nc2
Be7 9. O-O O-O 10. Ne3 Qd8 11. Re1 b6 12. Nf1 Bb7 13. Bg5 cxd4 14. cxd4 Bb4 15.
Qd3 Bxe1 16. Rxe1 Nb4 17. Qb3 Nbd5 18. Ng3 h6 19. Bc1 Qd6 20. Ne5 Qb4 21. Qd1
Rac8 22. a3 Rxc1 23. axb4 Rxd1 24. Rxd1 Nxb4 25. Nc4 Nfd5 26. Bf3 b5 27. Na5 Ba8
28. Rc1 Nd3 29. Rb1 Rc8 30. Nb3 Rc2 31. Be4 N3b4 32. Bxc2 Nxc2 33. Ne4 Nf4 34.
Nec5 Bxg2 35. Nxa6 Bd5 36. Nac5 h5 37. Rd1 h4 38. Rd2 Ne1 39. Kf1 Nf3 40. Rc2
Nxh2+ 41. Ke1 Nf3+ 42. Kd1 h3 43. Nd2 h2 44. Nf1 0-1

[Event "15th LCC Super Rapid 2025"]
[Site "London ENG"]
[Date "2025.12.06"]
[Round "5.67"]
[White "Hobson, Kenneth"]
[Black "Rich, Aaron"]
[Result "1/2-1/2"]
[WhiteTitle "FM"]
[WhiteElo "2307"]
[BlackElo "2035"]
[WhiteFideId "480819"]
[BlackFideId "499951"]
[EventDate "2025.12.06"]

1. d4 Nf6 2. Nf3 e6 3. g3 c5 4. Bg2 Nc6 5. O-O d5 6. dxc5 Bxc5 7. c4 O-O 8. cxd5
Nxd5 9. a3 a5 10. Qc2 Be7 11. e4 Nf6 12. e5 Nd5 13. Nbd2 Qc7 14. Kh1 b6 15. Ne4
h6 16. Bd2 Bb7 17. b3 Rac8 18. Qb2 Rfd8 19. Rac1 Ba6 20. Rfe1 Qd7 21. h4 Bd3 22.
Nc3 Bc5 23. Nxd5 exd5 24. Bf4 Be4 25. Rcd1 Qf5 26. Kh2 Bxf3 27. Bxf3 g5 28. Qe2
gxf4 29. Bg4 fxg3+ 30. fxg3 Qf2+ 31. Qxf2 Bxf2 32. Re2 Bc5 33. Bxc8 Rxc8 34.
Rxd5 Bxa3 35. e6 Nb4 36. exf7+ Kxf7 37. Rd7+ Kf8 38. Ree7 Nd3 39. Rh7 Kg8 40.
Rdg7+ Kf8 41. Rb7 Kg8 42. Rhg7+ Kf8 43. Rgf7+ Kg8 44. Kh3 Bc5 45. Rg7+ Kf8 46.
Rh7 Kg8 47. Rxh6 Nf2+ 48. Kg2 Rd8 49. Rg6+ Kh8 50. Re6 Nd3 51. h5 Nc1 52. g4
Nxb3 53. g5 a4 54. g6 Bd4 55. h6 Nc5 56. g7+ Bxg7 57. hxg7+ Kg8 58. Rexb6 Nxb7
59. Rxb7 Ra8 60. Rb2 Kxg7 61. Kf3 Kf6 62. Ke4 Ke6 63. Kd4 Kd6 64. Kc4 Rh8 65.
Rb6+ Kc7 66. Ra6 Rh4+ 67. Kb5 Kb7 68. Rxa4 Rh5+ 69. Kb4 Rh4+ 70. Kb5 Rh5+ 1/2-1/2

[Event "15th LCC Super Rapid 2025"]
[Site "London ENG"]
[Date "2025.12.07"]
[Round "6.1"]
[White "Shankland, Sam"]
[Black "Dominguez Perez, Leinier"]
[Result "0-1"]
[WhiteTitle "GM"]
[BlackTitle "GM"]
[WhiteElo "2649"]
[BlackElo "2738"]
[WhiteFideId "2004887"]
[BlackFideId "3503240"]
[EventDate "2025.12.06"]

1. e4 e5 2. Nf3 Nc6 3. Bb5 Nf6 4. O-O Nxe4 5. d4 Nd6 6. Bxc6 dxc6 7. dxe5 Nf5 8.
Qxd8+ Kxd8 9. h3 h6 10. Rd1+ Ke8 11. Nc3 Ne7 12. Ne2 Ng6 13. Ng3 c5 14. Nh5 Be6
15. g4 Rd8 16. Re1 Kd7 17. Bf4 Kc8 18. Bg3 Rg8 19. Rad1 Rxd1 20. Rxd1 Bxa2 21.
b3 c4 22. Nd2 cxb3 23. cxb3 Bb4 24. Ra1 Bxd2 25. Rxa2 Bc3 26. f4 Ne7 27. Kg2 Nc6
28. Rc2 Bd4 29. Re2 g6 30. Nf6 Rd8 31. h4 a5 32. h5 gxh5 33. Nxh5 b5 34. Bh4 Rf8
35. Bf6 Kb7 36. g5 hxg5 37. fxg5 Bxe5 38. Rxe5 Nxe5 39. Bxe5 Re8 40. Bf6 Re3 41.
Ng3 Rxb3 42. Nf5 Rd3 43. Kf2 c5 44. Ke2 Rd7 45. Ne3 Kc6 46. Ng4 Kd5 47. Bc3 Ra7
48. Nf6+ Kc4 49. Kd2 b4 50. Ba1 a4 51. Ne4 a3 52. Kc1 Re7 53. Nd2+ Kb5 54. Bf6
Re1+ 55. Kc2 c4 56. Nf3 Re2+ 57. Kc1 Rg2 0-1

[Event "15th LCC Super Rapid 2025"]
[Site "London ENG"]
[Date "2025.12.07"]
[Round "6.2"]
[White "Adams, Michael"]
[Black "Eljanov, Pavel"]
[Result "1-0"]
[WhiteTitle "GM"]
[BlackTitle "GM"]
[WhiteElo "2635"]
[BlackElo "2656"]
[WhiteFideId "400041"]
[BlackFideId "14102951"]
[EventDate "2025.12.06"]

1. e4 e5 2. Nf3 Nc6 3. Bb5 Nf6 4. d3 Bc5 5. Bxc6 dxc6 6. O-O Nd7 7. c3 O-O 8. d4
Bd6 9. Bg5 f6 10. Bh4 Qe7 11. Nbd2 Qf7 12. Bg3 Re8 13. Re1 a5 14. a4 h6 15. b3
Nb6 16. dxe5 fxe5 17. Qc2 c5 18. c4 Nd7 19. Qc3 Qf6 20. Bh4 Qe6 21. Nf1 Nb8 22.
Ne3 Nc6 23. Nf5 Bf8 24. Bg3 Qf6 25. Ne3 Bd6 26. Nd5 Qf7 27. Qd3 Bg4 28. Nd2 Nd4
29. h3 Be6 30. Qc3 c6 31. Ne3 Rf8 32. Nef1 Qh5 33. Kh1 Rf6 34. Nh2 b6 35. Ndf1
Raf8 36. Ra2 Qg5 37. Re3 h5 38. h4 Qh6 39. Qd2 g5 40. Rd3 g4 41. Qxh6 Rxh6 42.
f3 gxf3 43. Nxf3 b5 44. N1d2 bxc4 45. Nxc4 Bxc4 46. bxc4 Rb8 47. Ra1 Rb2 48.
Bxe5 Nxf3 49. Bxb2 Nd4 50. Bxd4 cxd4 51. Rxd4 1-0

[Event "15th LCC Super Rapid 2025"]
[Site "London ENG"]
[Date "2025.12.07"]
[Round "6.3"]
[White "Iniyan, Pa"]
[Black "Firouzja, Alireza"]
[Result "0-1"]
[WhiteTitle "GM"]
[BlackTitle "GM"]
[WhiteElo "2601"]
[BlackElo "2762"]
[WhiteFideId "25002767"]
[BlackFideId "12573981"]
[EventDate "2025.12.06"]

1. d4 Nf6 2. c4 g6 3. Nc3 Bg7 4. e4 d6 5. f3 O-O 6. Be3 b6 7. Qd2 c5 8. Nge2 Ba6
9. b3 e6 10. Rd1 Nc6 11. d5 exd5 12. exd5 Ne5 13. Ng3 h5 14. Be2 h4 15. Nge4
Nxe4 16. Nxe4 f5 17. Bg5 Qd7 18. Nf2 Rae8 19. Nh3 Nxc4 20. bxc4 Bxc4 21. Nf4
Rxe2+ 22. Nxe2 Re8 23. Be3 Bxe2 24. Qxe2 Bd4 25. Bxd4 cxd4 26. Rxd4 Rxe2+ 27.
Kxe2 Qb5+ 28. Rd3 Qc4 29. Ra1 b5 30. a3 Qf4 31. Re1 Qxh2 32. Kf1 h3 33. gxh3
Qxh3+ 34. Kg1 Qg3+ 35. Kf1 Kf7 36. Rc3 Kf6 37. Re6+ Kg5 38. Rc2 Qxf3+ 39. Kg1
Qd1+ 0-1

[Event "15th LCC Super Rapid 2025"]
[Site "London ENG"]
[Date "2025.12.07"]
[Round "6.4"]
[White "Vitiugov, Nikita"]
[Black "Mikhalevski, Victor"]
[Result "1-0"]
[WhiteTitle "GM"]
[BlackTitle "GM"]
[WhiteElo "2657"]
[BlackElo "2504"]
[WhiteFideId "4152956"]
[BlackFideId "2801914"]
[EventDate "2025.12.06"]

1. e4 c5 2. c3 Nf6 3. e5 Nd5 4. Bc4 Nb6 5. Bb3 d5 6. exd6 Qxd6 7. Na3 Be6 8. Ne2
c4 9. Bc2 Nc6 10. O-O g6 11. Nb5 Qd7 12. Nf4 Bf5 13. Bxf5 gxf5 14. b3 Bh6 15. d4
cxd3 16. Qxd3 Qxd3 17. Nxd3 Bxc1 18. Nc7+ Kf8 19. Nxa8 Bd2 20. Nxb6 axb6 21. c4
Kg7 22. Rfd1 Bc3 23. Rac1 Bd4 24. Nf4 e6 25. Ne2 Bc5 26. Nc3 Rb8 27. Kf1 Kf6 28.
Na4 Bd4 29. b4 Rd8 30. b5 Na5 31. c5 bxc5 32. Nxc5 Rd5 33. Na4 e5 34. Nc3 Rd6
35. Ne2 Rd5 36. Nxd4 exd4 37. Rd3 Rxb5 38. Rxd4 Rb2 39. Rd6+ Ke7 40. Rd5 Nc6 41.
Rxf5 Rxa2 42. Rb1 Kf8 43. Rh5 Nd4 44. Rxh7 b5 45. Rh4 Rd2 46. g3 Ke7 47. Rb4 Nf3
48. Rhf4 1-0

[Event "15th LCC Super Rapid 2025"]
[Site "London ENG"]
[Date "2025.12.07"]
[Round "6.5"]
[White "Pranav, Anand"]
[Black "Mishra, Abhimanyu"]
[Result "1/2-1/2"]
[WhiteTitle "GM"]
[BlackTitle "GM"]
[WhiteElo "2581"]
[BlackElo "2642"]
[WhiteFideId "46626786"]
[BlackFideId "30920019"]
[EventDate "2025.12.06"]

1. e4 c5 2. Nf3 d6 3. d4 cxd4 4. Nxd4 Nf6 5. Nc3 a6 6. Bd3 e5 7. Nde2 Be7 8. O-O
O-O 9. Ng3 Re8 10. h3 Be6 11. Nd5 Bxd5 12. exd5 g6 13. c4 Nbd7 14. b3 Rc8 15.
Rb1 h5 16. f4 h4 17. Ne2 exf4 18. Nxf4 Ne5 19. Rb2 Bf8 20. Rbf2 Bg7 21. Bb2 Rc7
22. Bb1 b5 23. cxb5 axb5 24. Kh1 Nh7 25. Qd4 Rce7 26. Qb4 Qd7 27. Ba3 Nf6 28.
Qxd6 Qxd6 29. Bxd6 Rd7 30. Bb4 Nxd5 31. Nxd5 Rxd5 32. Rf4 f5 33. Rxh4 Nd3 34.
Bxd3 Rxd3 35. Rhf4 Re2 36. R4f2 Rxf2 37. Rxf2 Rd1+ 38. Kh2 Be5+ 39. g3 Rd3 40.
Rg2 Kf7 41. Be1 g5 42. Rd2 Bxg3+ 43. Kg2 Rxd2+ 44. Bxd2 Bh4 45. a4 bxa4 46. bxa4
Ke6 47. a5 Kd7 48. a6 Kc6 49. Be3 g4 50. hxg4 fxg4 51. Bf2 Bxf2 52. Kxf2 Kb6 53.
Kg3 Ka7 54. Kxg4 Kxa6 1/2-1/2

[Event "15th LCC Super Rapid 2025"]
[Site "London ENG"]
[Date "2025.12.07"]
[Round "6.6"]
[White "Theodorou, Nikolas"]
[Black "Bazakutsa, Svyatoslav"]
[Result "1-0"]
[WhiteTitle "GM"]
[BlackTitle "IM"]
[WhiteElo "2656"]
[BlackElo "2478"]
[WhiteFideId "4262875"]
[BlackFideId "14198525"]
[EventDate "2025.12.06"]

1. d4 Nf6 2. Nf3 g6 3. Nbd2 Bg7 4. e4 O-O 5. Bd3 c5 6. c3 d5 7. e5 Nh5 8. O-O
Nc6 9. Re1 cxd4 10. cxd4 f6 11. Bb5 Nf4 12. Bxc6 bxc6 13. Nb3 Ne6 14. Bd2 fxe5
15. Nxe5 Qd6 16. Rc1 Bb7 17. Na5 Nxd4 18. Nxb7 Qc7 19. Ba5 Qxb7 20. Qxd4 Rf5 21.
g4 Rf7 22. Qb4 Qxb4 23. Bxb4 Rf4 24. Bxe7 Re8 25. Nxc6 Rxg4+ 26. Kf1 Bxb2 27.
Rc2 Bg7 28. Bb4 Ra8 29. Ne7+ Kh8 30. Nxd5 Rd4 31. Nc7 Rc8 32. Nb5 Rxc2 33. Re8+
Bf8 34. Nxd4 Rxa2 35. Ne6 h6 36. Rxf8+ Kh7 37. Rf7+ Kg8 38. Rg7+ Kh8 39. Bc3 Rc2
40. Bf6 Rc8 41. Rxa7+ Kg8 42. Rg7+ Kh8 43. Rxg6+ Kh7 44. Rg7+ Kh8 45. Nf4 Rc1+
46. Kg2 Rg1+ 47. Kxg1 h5 48. Ng6# 1-0

[Event "15th LCC Super Rapid 2025"]
[Site "London ENG"]
[Date "2025.12.07"]
[Round "6.7"]
[White "Haydon, David L"]
[Black "Gordon, Stephen J"]
[Result "1/2-1/2"]
[WhiteTitle "FM"]
[BlackTitle "GM"]
[WhiteElo "2284"]
[BlackElo "2465"]
[WhiteFideId "415405"]
[BlackFideId "411477"]
[EventDate "2025.12.06"]

1. d4 Nf6 2. c4 e6 3. Nf3 b6 4. g3 Bb7 5. Bg2 Be7 6. O-O O-O 7. Nc3 Ne4 8. Qc2
Nxc3 9. bxc3 Qc8 10. a4 f5 11. Ne5 Bxg2 12. Kxg2 d6 13. Nd3 Nc6 14. Ba3 Na5 15.
c5 dxc5 16. dxc5 Re8 17. Qa2 Bf6 18. Rac1 Kh8 19. c4 e5 20. Kg1 Qe6 21. Qc2 Nc6
22. Bb2 f4 23. Kg2 Bg5 24. Rce1 Rad8 25. cxb6 axb6 26. f3 fxg3 27. hxg3 e4 28.
Nf2 exf3+ 29. exf3 Qg6 30. Rxe8+ Rxe8 31. Ne4 Bf4 32. Qf2 Be5 33. Re1 Bxb2 34.
Qxb2 h6 35. Qc3 Qe6 36. Re2 Qe5 37. Rd2 1/2-1/2

[Event "15th LCC Super Rapid 2025"]
[Site "London ENG"]
[Date "2025.12.07"]
[Round "6.8"]
[White "Abdusattorov, Nodirbek"]
[Black "Southcott-Moyers, Indy"]
[Result "1-0"]
[WhiteTitle "GM"]
[BlackTitle "FM"]
[WhiteElo "2750"]
[BlackElo "2272"]
[WhiteFideId "14204118"]
[BlackFideId "488542"]
[EventDate "2025.12.06"]

1. e4 e5 2. Nf3 Nc6 3. Bc4 Bc5 4. c3 Nf6 5. d3 d6 6. O-O O-O 7. h3 h6 8. b4 Bb6
9. a4 a5 10. b5 Ne7 11. Nbd2 c6 12. d4 Ng6 13. Ba2 Re8 14. Re1 Be6 15. Bxe6 Rxe6
16. Rb1 Bc7 17. c4 d5 18. exd5 cxd5 19. dxe5 Nxe5 20. Nxe5 Rxe5 21. c5 Qe7 22.
Rxe5 Qxe5 23. Nf3 Qe4 24. Be3 Re8 25. Rc1 d4 26. Qxd4 Nd5 27. Qxe4 Rxe4 28. b6
Bf4 29. c6 bxc6 30. Bxf4 Rxf4 31. Rb1 Nxb6 32. Rxb6 Rxa4 33. Rxc6 Ra1+ 34. Kh2
a4 35. Ra6 a3 36. Nd4 a2 37. Nf5 h5 38. h4 g6 39. Ne3 Kg7 40. Kg3 Kg8 41. Nc2 1-0

[Event "15th LCC Super Rapid 2025"]
[Site "London ENG"]
[Date "2025.12.07"]
[Round "6.9"]
[White "McShane, Luke J"]
[Black "Stefanova, Antoaneta"]
[Result "1-0"]
[WhiteTitle "GM"]
[BlackTitle "GM"]
[WhiteElo "2615"]
[BlackElo "2391"]
[WhiteFideId "404853"]
[BlackFideId "2902257"]
[EventDate "2025.12.06"]

1. e4 c6 2. Nf3 d5 3. d3 Qc7 4. Nc3 dxe4 5. dxe4 e5 6. Bc4 h6 7. Qe2 b5 8. Bb3
Nd7 9. a4 b4 10. Nb1 Nc5 11. Be3 Nxb3 12. cxb3 Nf6 13. Nbd2 Be6 14. O-O Be7 15.
Rac1 O-O 16. Qa6 c5 17. h3 Rfd8 18. Rc2 Rd6 19. Qb5 Rb6 20. Qe2 Rc6 21. Nc4 Nd7
22. Rd1 f5 23. exf5 Bxf5 24. Rcd2 Bf6 25. Nh2 Re8 26. Qf3 Be6 27. Ng4 Bxg4 28.
Qxg4 Nf8 29. Bxh6 Qf7 30. Nd6 Rxd6 31. Rxd6 e4 32. Be3 Bxb2 33. R1d5 Nh7 34.
Rxc5 Nf6 35. Qd1 Bc3 36. Rcc6 Qg6 37. Rd8 Kh7 38. Rxe8 Qxe8 39. Rc5 a6 40. Rg5
Qe6 41. Rc5 Qf7 42. Rc4 Qe6 43. Qd8 Kg6 44. Bd4 Nd5 45. Qh4 Bxd4 46. Rxd4 Nc3
47. Rc4 Qd5 48. Qg4+ Kh7 49. Rc7 Qe5 50. Rd7 e3 51. Qh4+ Kg8 52. Qc4+ 1-0

[Event "15th LCC Super Rapid 2025"]
[Site "London ENG"]
[Date "2025.12.07"]
[Round "6.10"]
[White "Nainys, Zanas"]
[Black "Maroroa Jones, Gawain C B"]
[Result "0-1"]
[BlackTitle "GM"]
[WhiteElo "2320"]
[BlackElo "2655"]
[WhiteFideId "12844098"]
[BlackFideId "409561"]
[EventDate "2025.12.06"]

1. d4 Nf6 2. c4 d6 3. Nc3 g6 4. e4 Bg7 5. Nf3 O-O 6. Bd3 a5 7. O-O e5 8. d5 Na6
9. Re1 Nd7 10. Bc2 Nb6 11. b3 f5 12. Ng5 f4 13. Ne6 Bxe6 14. dxe6 Nc5 15. Nd5
Nc8 16. Qg4 c6 17. b4 axb4 18. Nxb4 Qe8 19. Rb1 Nxe6 20. Bb3 Kh8 21. Rd1 h5 22.
Qh3 g5 23. g4 fxg3 24. hxg3 g4 25. Qh2 Qg6 26. Nc2 Bh6 27. Bxh6 Qxh6 28. Ne3 Ng5
29. Kg2 Qh7 30. Bc2 Rxa2 31. Qh4 Nf3 32. Qh1 h4 33. Ra1 Rxc2 34. Nxc2 Qxe4 35.
Ne3 Ng5+ 0-1

[Event "15th LCC Super Rapid 2025"]
[Site "London ENG"]
[Date "2025.12.07"]
[Round "6.11"]
[White "Jumabayev, Rinat"]
[Black "Balaji, Aaravamudhan"]
[Result "0-1"]
[WhiteTitle "GM"]
[BlackTitle "IM"]
[WhiteElo "2560"]
[BlackElo "2305"]
[WhiteFideId "13702661"]
[BlackFideId "436224"]
[EventDate "2025.12.06"]

1. Nf3 d5 2. d4 Nf6 3. c4 e6 4. g3 Be7 5. Bg2 O-O 6. O-O dxc4 7. Qc2 a6 8. a4
Bd7 9. Qxc4 Bc6 10. Bf4 Bd6 11. Qc1 a5 12. Nc3 Na6 13. Rd1 Nb4 14. Bg5 h6 15.
Bh4 Bxf3 16. Bxf6 Qxf6 17. Bxf3 c6 18. Kg2 e5 19. d5 cxd5 20. Bxd5 Nxd5 21. Nxd5
Qe6 22. Qe3 Ra6 23. Rac1 Rc6 24. Qb3 Bb4 25. Qd3 Rfc8 26. Rxc6 Qxc6 27. b3 Bf8
28. Qf5 Re8 29. Qe4 g6 30. g4 Bg7 31. Rd3 Kh7 32. Rc3 Qd6 33. h4 Rf8 34. Rf3 f5
35. gxf5 gxf5 36. Qc4 e4 37. Rg3 Be5 38. f4 exf3+ 39. Rxf3 Rd8 40. Ne3 Qg6+ 41.
Kh3 Rd4 42. Qc2 Bf6 43. Qxf5 Rxh4# 0-1

[Event "15th LCC Super Rapid 2025"]
[Site "London ENG"]
[Date "2025.12.07"]
[Round "6.12"]
[White "Ghasi, Ameet K"]
[Black "Banerjee, Supratit"]
[Result "1-0"]
[WhiteTitle "GM"]
[BlackTitle "FM"]
[WhiteElo "2500"]
[BlackElo "2323"]
[WhiteFideId "409200"]
[BlackFideId "2410079"]
[EventDate "2025.12.06"]

1. Nf3 Nf6 2. g3 g6 3. Bg2 Bg7 4. O-O O-O 5. d3 d6 6. e4 c5 7. Re1 e5 8. c3 Nc6
9. a3 d5 10. exd5 Nxd5 11. Nbd2 h6 12. Nc4 Re8 13. Qb3 Nb6 14. Nxb6 axb6 15. Be3
Be6 16. Qc2 Rc8 17. Nd2 Bd5 18. Bxd5 Qxd5 19. Nc4 Qd8 20. Qb3 Re6 21. a4 Ne7 22.
a5 Nd5 23. axb6 Nxb6 24. Na5 Qd7 25. c4 Rd6 26. Ra3 Rc7 27. Qb5 Qxb5 28. cxb5 e4
29. Bf4 Rdd7 30. Bxc7 Rxc7 31. Nc4 Nxc4 32. dxc4 f5 33. Ra8+ Kf7 34. Rd1 Bd4 35.
Kf1 Rd7 36. Ke2 Ke6 37. Rg8 Kf7 38. Rc8 Ke6 39. b3 g5 40. f3 exf3+ 41. Kxf3 g4+
42. Kg2 h5 43. h3 Rf7 44. hxg4 hxg4 45. Re8+ Kd7 46. Re5 Kc7 47. Re6 Kd7 48. Re2
Kc7 49. Rf1 Kb6 50. Ra2 Rf6 51. Rf4 Kc7 52. Rf1 Rf7 53. Re1 Kd6 54. Rae2 Bc3 55.
Re6+ Kd7 56. R1e2 Bd4 57. b6 Bf6 58. Re8 Bd8 59. R8e5 Bxb6 60. Rf2 Rh7 61. Rexf5
Ke7 62. Re2+ Kd7 63. Re4 Bc7 64. Rd5+ Bd6 65. Rxg4 Rh6 66. Rg7+ Kc6 67. Kf3 b5
68. Ke4 Rf6 69. Rdg5 Re6+ 70. Kd3 bxc4+ 71. bxc4 Re1 72. R5g6 Rd1+ 73. Kc3 Rc1+
74. Kb3 Rb1+ 75. Kc2 Rb4 76. Kc3 Ra4 77. g4 Ra3+ 78. Kc2 Ra2+ 79. Kb3 Rg2 80.
Rh7 Rd2 81. Rhh6 Kd7 82. Rxd6+ 1-0

[Event "15th LCC Super Rapid 2025"]
[Site "London ENG"]
[Date "2025.12.07"]
[Round "6.13"]
[White "Gaal, Zsoka"]
[Black "Yuffa, Daniil"]
[Result "0-1"]
[WhiteTitle "IM"]
[BlackTitle "GM"]
[WhiteElo "2383"]
[BlackElo "2618"]
[WhiteFideId "777765"]
[BlackFideId "24131423"]
[EventDate "2025.12.06"]

1. c4 e5 2. g3 Nc6 3. Bg2 Bc5 4. Nc3 d6 5. e3 a6 6. Nge2 h5 7. d4 Ba7 8. d5 Nce7
9. h4 Nf6 10. b4 Ng4 11. Ne4 Bf5 12. N2c3 Ng8 13. c5 N8f6 14. cxd6 cxd6 15. Qa4+
Kf8 16. O-O Nxe4 17. Nxe4 Bxe4 18. Bxe4 g5 19. hxg5 h4 20. Bf3 hxg3 21. Bxg4
Qxg5 22. Qd7 Rd8 23. Qf5 Qh4 24. Kg2 Qh2+ 25. Kf3 g2 26. Qf6 e4+ 27. Kxe4 Re8+
28. Be6 Qh4+ 0-1

[Event "15th LCC Super Rapid 2025"]
[Site "London ENG"]
[Date "2025.12.07"]
[Round "6.14"]
[White "Kovchan, Alexander"]
[Black "Willow, Jonah B"]
[Result "1-0"]
[WhiteTitle "GM"]
[BlackTitle "IM"]
[WhiteElo "2440"]
[BlackElo "2472"]
[WhiteFideId "14103052"]
[BlackFideId "438804"]
[EventDate "2025.12.06"]

1. e4 c5 2. Nf3 Nc6 3. Bb5 d6 4. O-O Bd7 5. c3 Nf6 6. Re1 a6 7. Bf1 Bg4 8. d4
cxd4 9. cxd4 d5 10. e5 Nd7 11. e6 fxe6 12. Nc3 g6 13. Be2 Bxf3 14. Bxf3 Bg7 15.
Bg4 Bxd4 16. Bxe6 Rf8 17. Re2 Rf6 18. Bg5 Bxf2+ 19. Rxf2 Rxf2 20. Kxf2 Qb6+ 21.
Kg3 O-O-O 22. Nxd5 Qxb2 23. Qc1 1-0

[Event "15th LCC Super Rapid 2025"]
[Site "London ENG"]
[Date "2025.12.07"]
[Round "6.15"]
[White "Shetty, Atulya"]
[Black "Noy, Eyal"]
[Result "1-0"]
[WhiteTitle "IM"]
[BlackTitle "FM"]
[WhiteElo "2455"]
[BlackElo "2275"]
[WhiteFideId "2031213"]
[BlackFideId "2821117"]
[EventDate "2025.12.06"]

1. c4 e6 2. g3 d5 3. Bg2 Nc6 4. cxd5 exd5 5. d4 Nce7 6. Nc3 c6 7. Nf3 Nf6 8. O-O
Nf5 9. Re1 Be7 10. Ne5 O-O 11. b3 Nd6 12. Ba3 Bf5 13. Rc1 Re8 14. Na4 Be4 15. f3
Bf5 16. Qd2 Nd7 17. Bb2 Bg5 18. e3 f6 19. Nd3 Qe7 20. Nf4 Nf8 21. Nc5 Rad8 22.
a4 Qf7 23. Bf1 Ne6 24. g4 Bg6 25. Nfxe6 Rxe6 26. Nxe6 Qxe6 27. Rc3 Re8 28. Qf2
h5 29. h3 hxg4 30. hxg4 f5 31. Ba3 fxg4 32. Qg3 Nf7 33. fxg4 Qf6 34. Re2 Bh4 35.
Qf4 Re4 36. Qxf6 Rxg4+ 37. Rg2 Rxg2+ 38. Bxg2 Bxf6 39. Bc5 a6 40. Bh3 Ng5 41.
Bc8 Ne4 42. Rc1 Bg5 43. Re1 Bh4 44. Re2 Bh5 45. Rh2 g5 46. Bxb7 Bd1 47. Bxa6
Bxb3 48. a5 Be1 49. Bb6 g4 50. Bd3 g3 51. Rb2 Bf2+ 52. Kg2 Bd1 53. Be2 Nc3 54.
a6 Nxe2 55. a7 Bxe3 56. a8=Q+ Kg7 57. Qb7+ Kg6 58. Qxc6+ Kg7 59. Rxe2 Bxe2 60.
Qe6 1-0

[Event "15th LCC Super Rapid 2025"]
[Site "London ENG"]
[Date "2025.12.07"]
[Round "6.17"]
[White "Tulchynskyi, Feliks"]
[Black "Finn, Peter"]
[Result "1-0"]
[WhiteTitle "IM"]
[BlackTitle "CM"]
[WhiteElo "2409"]
[BlackElo "2200"]
[WhiteFideId "34127895"]
[BlackFideId "432156"]
[EventDate "2025.12.06"]

1. c4 Nf6 2. Nc3 e6 3. e4 d5 4. cxd5 exd5 5. e5 d4 6. exf6 dxc3 7. Bb5+ c6 8.
Qe2+ Be6 9. Bc4 cxd2+ 10. Bxd2 Qxf6 11. Nf3 Bc5 12. Bc3 Qg6 13. Bxe6 Qxe6 14.
Qxe6+ fxe6 15. Bxg7 Rg8 16. Be5 Nd7 17. Bg3 O-O-O 18. O-O Rge8 19. Rfe1 e5 20.
Nxe5 Nxe5 21. Rxe5 Rxe5 22. Bxe5 Rd2 23. Rf1 a5 24. g4 a4 25. a3 Kd7 26. Kg2 Ke6
27. Bh8 Kd5 28. Kg3 b5 29. h4 Rd3+ 30. Kf4 Be7 31. g5 Ke6 32. Kg4 Rd8 33. Bg7
Kf7 34. Be5 Bd6 35. Bc3 c5 36. Rd1 Be7 37. Rxd8 Bxd8 38. f4 Be7 39. f5 b4 40.
axb4 cxb4 41. Bd4 a3 42. bxa3 b3 43. Bb2 Bf8 44. h5 Bg7 45. f6 1-0

[Event "15th LCC Super Rapid 2025"]
[Site "London ENG"]
[Date "2025.12.07"]
[Round "6.18"]
[White "Cancedda-Dupuis, Livio"]
[Black "Gasanov, Eldar"]
[Result "1-0"]
[BlackTitle "GM"]
[WhiteElo "2160"]
[BlackElo "2447"]
[WhiteFideId "499447"]
[BlackFideId "14104466"]
[EventDate "2025.12.06"]

1. Nf3 d5 2. e3 Nf6 3. c4 e6 4. Nc3 Bd6 5. d4 b6 6. cxd5 exd5 7. Bd3 O-O 8. O-O
Bb7 9. b3 Nbd7 10. Bb2 a6 11. Rc1 Qe7 12. Ne2 Ne4 13. Bxe4 dxe4 14. Nd2 b5 15.
a4 Nb6 16. Nc3 b4 17. Ne2 a5 18. Nc4 Nxc4 19. bxc4 c5 20. dxc5 Bxc5 21. Nf4 Rad8
22. Qg4 f5 23. Qxg7+ Qxg7 24. Bxg7 Rfe8 25. Bf6 Rd6 26. Bh4 Bc6 27. h3 b3 28.
Rb1 Bxa4 29. Ra1 Bd7 30. Rxa5 Bb4 31. Rd5 Rc8 32. Rb1 Ba4 33. Rxf5 Rxc4 34. Be7
b2 35. Kh2 Rd2 36. Rf8+ Kg7 37. Ne6+ Kg6 38. Rf6+ Kh5 39. g4+ Kh4 40. Rh6# 1-0

[Event "15th LCC Super Rapid 2025"]
[Site "London ENG"]
[Date "2025.12.07"]
[Round "6.19"]
[White "Royal, Shreyas"]
[Black "Eames, Robert S"]
[Result "1-0"]
[WhiteTitle "GM"]
[BlackTitle "FM"]
[WhiteElo "2495"]
[BlackElo "2110"]
[WhiteFideId "448869"]
[BlackFideId "408743"]
[EventDate "2025.12.06"]

1. e4 c5 2. Nf3 Nc6 3. d4 cxd4 4. Nxd4 Nf6 5. Nc3 h5 6. f4 e6 7. e5 Ng4 8. Nxc6
bxc6 9. Ne4 Ba6 10. Bxa6 Qa5+ 11. Bd2 Qxa6 12. Qe2 Qxe2+ 13. Kxe2 f5 14. Nc3 h4
15. h3 Nh6 16. Be3 Nf7 17. Rad1 g5 18. Rhe1 Rg8 19. Kf3 Bh6 20. Re2 Rb8 21. b3
gxf4 22. Bxf4 Bxf4 23. Kxf4 Rb4+ 24. Ke3 Nxe5 25. Kf2 Ng6 26. a3 Rf4+ 27. Kg1
Ne7 28. Re3 Rg7 29. Rdd3 c5 30. Nb5 Nc8 31. Nc7+ Kf8 32. Rxd7 Rxd7 33. Nxe6+ Kf7
34. Nxf4 Nd6 35. Rd3 Kf6 36. Rd5 Ke7 37. Rxc5 Ne4 38. Rd5 Rc7 39. Rxf5 Ng3 40.
Nd5+ Ke6 41. Nxc7+ Kxf5 42. Kf2 Ke4 43. b4 Kd4 44. Nb5+ Kc4 45. Nxa7 Ne4+ 46.
Ke3 Nd6 47. Kf4 1-0

[Event "15th LCC Super Rapid 2025"]
[Site "London ENG"]
[Date "2025.12.07"]
[Round "6.20"]
[White "Golding, Alex"]
[Black "Roebers, Eline"]
[Result "1/2-1/2"]
[WhiteTitle "IM"]
[BlackTitle "IM"]
[WhiteElo "2370"]
[BlackElo "2392"]
[WhiteFideId "427241"]
[BlackFideId "1058401"]
[EventDate "2025.12.06"]

1. e4 Nf6 2. e5 Nd5 3. c4 Nb6 4. c5 Nd5 5. Nc3 e6 6. d4 b6 7. Nxd5 exd5 8. Nf3
c6 9. Bg5 Be7 10. Bxe7 Qxe7 11. cxb6 axb6 12. Bd3 O-O 13. O-O Ba6 14. Re1 Bxd3
15. Qxd3 Ra4 16. a3 Na6 17. Qc2 b5 18. Qc3 Nc7 19. b4 Ne6 20. Re3 Ra6 21. g3 d6
22. Rc1 Rc8 23. h4 h6 24. Qb2 Qa7 25. exd6 Rd8 26. Rd1 Rxd6 27. Ne5 Nf8 28. Qc3
Qc7 29. Qd3 Ra8 30. Rf3 f6 31. Ng4 Re8 32. Re3 Rde6 33. Rde1 h5 34. Rxe6 Rxe6
35. Rxe6 Nxe6 36. Ne3 Qa7 37. Nf5 g6 38. Ne3 Kf7 39. Nc2 Ng7 1/2-1/2